UBT Library

Dictionary of life sciences / (Record no. 43342)

000 -LEADER
fixed length control field 00536pam a2200217 a 4500
001 - CONTROL NUMBER
control field 461417
003 - CONTROL NUMBER IDENTIFIER
control field OSt
005 - DATE AND TIME OF LATEST TRANSACTION
control field 20180224025316.0
008 - FIXED-LENGTH DATA ELEMENTS--GENERAL INFORMATION
fixed length control field 830707t19841983nyua d 000 0 eng
010 ## - LIBRARY OF CONGRESS CONTROL NUMBER
LC control number 83013258
020 ## - INTERNATIONAL STANDARD BOOK NUMBER
International Standard Book Number 0876637403 :
Terms of availability $22.50
040 ## - CATALOGING SOURCE
Original cataloging agency DLC
Transcribing agency DLC
Modifying agency DLC
041 ## - LANGUAGE CODE
Language code of text/sound track or separate title eng
080 ## - UNIVERSAL DECIMAL CLASSIFICATION NUMBER
Universal Decimal Classification number 574.0321
082 00 - DEWEY DECIMAL CLASSIFICATION NUMBER
Classification number 574.0321 MAR
Edition number 19
100 ## - Rafti
Rafti 23
101 ## - Shkurtesa
Shkurtesa FJA
245 00 - TITLE STATEMENT
Title Dictionary of life sciences /
Statement of responsibility, etc edited by E.A. Martin.
906 ## - LOCAL DATA ELEMENT F, LDF (RLIN)
a 7
b cbc
c orignew
d 1
e ocip
f 19
g y-gencatlg
942 ## - ADDED ENTRY ELEMENTS (KOHA)
Source of classification or shelving scheme
Item type Books
Holdings
Withdrawn status Lost status Source of classification or shelving scheme Damaged status Not for loan Collection code Permanent location Current location Shelving location Date acquired Total Checkouts Full call number Barcode Date last seen Price effective from Koha item type
          Koleksioni i përgjithshem UBT - Lipjan UBT - Lipjan Koleksioni i përgjithshem 02/24/2018   574.0321 MAR 002-2999621 02/24/2018 02/24/2018 Books
UBT Library © 2015-2024. All rights reserved University Education for Business and Technology